المسؤولية الطبية في الجراحة التجميلية : (رقم التسجيلة. 74222)

تفاصيل مارك
000 -LEADER
fixed length control field 00700nam a22001937a 4500
005 - DATE AND TIME OF LATEST TRANSACTION
control field 20251108172241.0
008 - FIXED-LENGTH DATA ELEMENTS--GENERAL INFORMATION
fixed length control field 250721s2000 xx 000 0 ara d
082 14 - DEWEY DECIMAL CLASSIFICATION NUMBER
Classification number 346.031/فضل
100 1# - MAIN ENTRY--PERSONAL NAME
Personal name الفضل، منذر
245 10 - TITLE STATEMENT
Title المسؤولية الطبية في الجراحة التجميلية :
Remainder of title دراسة مقارنة /
264 1# - PRODUCTION, PUBLICATION, DISTRIBUTION, MANUFACTURE, AND COPYRIGHT NOTICE
Place of production, publication, distribution, manufacture عمان :
Name of producer, publisher, distributor, manufacturer الدار العلمية الدولية للنشر و التوزيع،
Date of production, publication, distribution, manufacture, or copyright notice 2000.
300 ## - PHYSICAL DESCRIPTION
Extent 95ص
490 0# - SERIES STATEMENT
Series statement المكتبة القانونية ؛ 364
650 17 - SUBJECT ADDED ENTRY--TOPICAL TERM
Topical term or geographic name as entry element التبعية القانونية
650 17 - SUBJECT ADDED ENTRY--TOPICAL TERM
Topical term or geographic name as entry element القانون المدني
650 17 - SUBJECT ADDED ENTRY--TOPICAL TERM
Topical term or geographic name as entry element الجراحة التقويمية
942 ## - ADDED ENTRY ELEMENTS (KOHA)
Source of classification or shelving scheme Dewey Decimal Classification
Koha item type كتب
المقتنيات
حالة السحب حالة الفقدان مصدر التصنيف حالة التلف غير قابل للإعارة المكتبة الرئيسية المكتبة الحالية موقع الرف تاريخ التزويد الرقم المتسلسل Total Checkouts رقم الإستدعاء الباركود تاريخ آخر ظهور تاريخ الفاتورة نوع المادة (كوها)
    Dewey Decimal Classification Unchecked   مكتبة أبو علندا العامة مكتبة أبو علندا العامة الإعارة 06/07/2004 420943   346.031/فضل   28/07/2025 06/07/2004 كتب
    Dewey Decimal Classification     مكتبة أم قصير والمقابلين العامة مكتبة أم قصير والمقابلين العامة الإعارة 06/07/2004 420942   346.031/فضل 420942 28/07/2025 06/07/2004 كتب
    Dewey Decimal Classification     مكتبة الأميرة ايمان العامة مكتبة الأميرة ايمان العامة الإعارة 06/07/2004 420934   346.031/فضل 420934 28/07/2025 06/07/2004 كتب
    Dewey Decimal Classification Unchecked   مكتبة الاميرة بديعة مكتبة الاميرة بديعة الإعارة 06/07/2004 420937   346.031/فضل   28/07/2025 06/07/2004 كتب
    Dewey Decimal Classification Unchecked   مكتبة الجويدة مكتبة الجويدة الإعارة 06/07/2004 420938   346.031/فضل   28/07/2025 06/07/2004 كتب
    Dewey Decimal Classification     مكتبة الحسن العامة مكتبة الحسن العامة الإعارة 06/07/2004 420939   346.031/فضل 420939 28/07/2025 06/07/2004 كتب
    Dewey Decimal Classification     مكتبة حمزة العامة مكتبة حمزة العامة الإعارة 06/07/2004 420940   346.031/فضل 420940 28/07/2025 06/07/2004 كتب
    Dewey Decimal Classification     مكتبة صويلح العامة مكتبة صويلح العامة الإعارة 06/07/2004 420935   346.031/فضل 420935 28/07/2025 06/07/2004 كتب
    Dewey Decimal Classification     مكتبة وادي السير العامة مكتبة وادي السير العامة الإعارة 06/07/2004 420944   346.031/فضل 420944 28/07/2025 06/07/2004 كتب
Implemented & Customized by: BBB with SCIT (Smart Chains for Information Technology)

Powered by Koha